| 000 | 00625nam a2200229Ia 4500 | ||
|---|---|---|---|
| 003 | OSt | ||
| 005 | 20221006165008.0 | ||
| 006 | a|||||r|||| 00| 0 | ||
| 007 | ta | ||
| 008 | 221006b |||||||| |||| 00| 0 eng d | ||
| 024 | _a776 | ||
| 037 | _cTextual | ||
| 040 |
_aFML _cFML _beng |
||
| 041 |
_2eng _aeng |
||
| 082 | _aO15:gx8,1, 111L3 | ||
| 100 |
_aGhosal Sastri S. N. Ed. _9678862 |
||
| 245 | 0 | _aKavyaprakasha of Mammath Bhatta | |
| 260 |
_aVaranasi _bChaukhanbha _c1973 |
||
| 300 |
_a254 _ccm. |
||
| 942 |
_hO15:gx8,1, 111L3 _cTEXL _2CC |
||
| 999 |
_c1119218 _d1119218 |
||